Statistiques concernant Dactylographie rapide A-Z

Cliquez ici pour prendre le quiz!

Statistiques générales

  • Ce quiz a été pris 1 593 fois
  • Le résultat moyen est 23 sur 26

Statistiques - réponses

Alphabet% Correct
A
99%
E
98%
B
97%
C
96%
D
95%
F
93%
G
92%
H
92%
I
92%
J
90%
K
89%
L
89%
O
89%
M
88%
R
88%
P
87%
T
86%
U
86%
N
85%
Q
85%
S
85%
V
81%
W
80%
Y
80%
Z
79%
X
78%

Distribution des résultats

Percentile par nombre de réponses

% des personnes avec chaque résultat

Votre développement - résultats

Vous n’avez pas pris ce quiz